Statistics for Top 100 Nintendo Games of All Time

Click here to take the quiz!

General Stats

  • This quiz has been taken 1,996 times
  • The average score is 32 of 100

Answer Stats

RankYearSystemAnswer% Correct
11985NESSuper Mario Bros.
89%
351981ArcadeDonkey Kong
73%
361994GBDonkey Kong (1994)
73%
51996N64Super Mario 64
72%
31998N64The Legend of Zelda: Ocarina of Time
71%
81991SNESSuper Mario World
67%
101998GBPokemon Red & Blue
66%
91990NESSuper Mario Bros. 3
65%
791999N64Super Smash Bros.
65%
741987NESMetroid
63%
481988NESSuper Mario Bros. 2
63%
122007WiiSuper Mario Galaxy
62%
412000N64The Legend of Zelda: Majora's Mask
60%
721992SNESSuper Mario Kart
57%
472002GCSuper Mario Sunshine
57%
111987NESThe Legend of Zelda
57%
322000GBCPokemon Gold & Silver
56%
851994SNESDonkey Kong Country
55%
342006WiiWii Sports
55%
192001GCSuper Smash Bros. Melee
54%
272014Wii UMario Kart 8
53%
61991SNESThe Legend of Zelda: A Link to the Past
53%
4420133DSPokemon X & Y
52%
332010WiiSuper Mario Galaxy 2
52%
41989GBTetris
52%
131997N64Mario Kart 64
51%
622006WiiThe Legend of Zelda: Twilight Princess
51%
172003GCThe Legend of Zelda: The Wind Waker
50%
151995SNESSuper Mario World 2: Yoshi's Island
49%
882008WiiSuper Smash Bros. Brawl
49%
312003GCMario Kart: Double Dash
48%
662006DSNew Super Mario Bros.
48%
21994SNESSuper Metroid
48%
72002GCMetroid Prime
47%
242011DSPokemon Black & White
46%
521993SNESStar Fox
46%
931983ArcadeMario Bros.
43%
992001GCLuigi's Mansion
42%
641995SNESDonkey Kong Country 2: Diddy's Kong Quest
39%
652005DSMario Kart DS
38%
671991SNESF-Zero
37%
782001N64Paper Mario
36%
432013Wii USuper Mario 3D World
36%
632002GCAnimal Crossing
35%
231997N64Goldeneye 007
35%
141993GBThe Legend of Zelda: Link's Awakening
35%
4920113DSSuper Mario 3D Land
34%
1001990NESFire Emblem
33%
161987NESPunch-Out!!!
33%
251997N64Star Fox 64
33%
812001GCPikmin
32%
281995SNESEarthbound
31%
221998N64Banjo-Kazooie
28%
712007WiiMetroid Prime 3: Corruption
28%
551988NESZelda II: The Adventure of Link
28%
761987NESKid Icarus
26%
4220133DSThe Legend of Zelda: A Link Between Worlds
24%
2620133DSAnimal Crossing: New Leaf
22%
291996SNESSuper Mario RPG: Legend of the Seven Stars
22%
841993NESKirby's Adventure
21%
612005DSNintendogs
21%
921999N64Pokemon Snap
21%
962000N64Mario Tennis
20%
512004GCPaper Mario: The Thousand-Year Door
20%
702001GBCThe Legend of Zelda: Oracle of Ages & Seasons
20%
2120133DSFire Emblem: Awakening
18%
602006GBAMother 3
18%
801997N64Diddy Kong Racing
17%
892009DSThe Legend of Zelda: Spirit Tracks
17%
202003GCF-Zero GX
16%
972002GBAMetroid Fusion
16%
692000N64Perfect Dark
16%
541994SNESSuper Punch-Out!!!
14%
752005DSAnimal Crossing: Wild World
13%
392004GBAMetroid: Zero Mission
12%
462012WiiXenoblade Chronicles
12%
9420133DSLuigi's Mansion: Dark Moon
11%
372001GBAAdvance Wars
10%
591998GBWario Land 2
9%
382001GBAWario Land 4
9%
402003GBAMario & Luigi: Superstar Saga
7%
182003GBAWarioWare Inc.: Mega Microgames
6%
821998N641080 Snowboarding
3%
562005GCDonkey Kong Jungle Beat
3%
872003GCMario Golf: Toadstool Tour
3%
571996SNESTetris Attack
3%
951997N64Blast Corps
2%
502013Wii UNES Remix
2%
452006DSTetris DS
2%
302005GBAWarioWare Twisted
2%
772006GBADrill Dozer
1%
532005DSKirby Canvas Curse
1%
6820143DSMario Golf: World Tour
1%
732014Wii UNES Remix 2
1%
982007DSPicross DS
1%
912012DSPokemon Conquest
1%
8620113DSPushmo
1%
9020133DSStreetPass Games
1%
832005DSOsu! Tatakae! Ouendan
0%
582006GBARhythm Tengoku
0%

Score Distribution

Percentile by Number Answered

Percent of People with Each Score

Your Score History

You have not taken this quiz